Trabajo social y las nuevas configuraciones de lo social : seminario internacional - Maestría en Trabajo Social, 16-19 de mayo de 200 /

Tallennettuna:
Bibliografiset tiedot
Yhteisötekijä: Seminario Internacional de la Maestría en Trabajo Social ( Entre Ríos, Argentina)
Muut tekijät: Valle Cazzaniga, Susana del (coordinación) (coordinación)
Aineistotyyppi: Konferenssijulkaisu Kirja
Kieli:espanja
Julkaistu: Buenos Aires, Argentina : Espacio , 2003, c2003
Sarja:(Ciencias Sociales Espacio Editorial)
Aiheet:
Tagit: Lisää tagi
Ei tageja, Lisää ensimmäinen tagi!

MARC

LEADER 00000nam^a2200000^a^4500
001 000181609
005 20250521000000.0
009 20260310101939.285
020 |a 950-802-169-1 
037 |a Acervo ITESO - Biblioteca 
041 |a ESP 
082 |a 361. 3  |b SEM 2001 
111 |a Seminario Internacional de la Maestría en Trabajo Social (  |d 2001 :  |c Entre Ríos, Argentina) 
245 1 0 |a Trabajo social y las nuevas configuraciones de lo social :  |b seminario internacional - Maestría en Trabajo Social, 16-19 de mayo de 200 /  |c Seminario Internacional de la Maestría en Trabajo Social ; coord. de S. del Valle Cazzaniga. 
264 4 |a Buenos Aires, Argentina :  |b Espacio ,  |c 2003, c2003 
300 |a 294 p. 
336 |a texto  |b txt  |2 rdacontenido 
337 |a sin mediación  |b n  |2 rdamedio 
338 |a volumen  |b nc  |2 rdasoporte 
440 1 |a (Ciencias Sociales Espacio Editorial) 
649 |a XX 
650 |a Trabajo Social -  |z Argentina -  |x Congresos 
650 |a Trabajo Social -  |x Teoría 
650 |a Trabajo Social -  |x Prácticas Profesionales 
650 |a Mujeres -  |x Condiciones Sociales y Culturales 
650 |a Mujeres -  |x Condiciones Laborales 
650 |a Sociedad Civil 
650 |a Organizaciones No Gubernamentales 
650 |a Comunidad 
650 |a Género 
650 |a Subjetividad (Psicología) 
650 |a Discriminación de Género 
650 |a Violencia Doméstica 
650 |a Igualdad y Desigualdad 
650 |a Comportamiento Social 
650 |a Profesiones 
650 |a Intervención Social -  |x Prácticas Profesionales 
650 |a Intervención Social -  |z España 
650 |a Intervención Social -  |z Uruguay 
650 |a Política Social -  |z Paraguay 
650 |a Cambios Sociales y Culturales 
650 |a Salud Pública 
650 |a Estado de Bienestar 
650 |a Calidad de Vida 
700 |a Valle Cazzaniga, Susana del  |e (coordinación) 
910 |a Fondo General 
920 |a Impresos - Libros 
930 |a Colección General 
905 |a 101 
901 |a 0500121512  |b IT1  |c ACC  |u 20250521 
902 |a https://opac.biblio.iteso.mx/vufind/Record/000181609